Machine Learning Cookbook Python (Record no. 13367)

MARC details
000 -LEADER
fixed length control field 00410nam a22001697a 4500
003 - CONTROL NUMBER IDENTIFIER
control field OSt
008 - FIXED-LENGTH DATA ELEMENTS--GENERAL INFORMATION
fixed length control field 250421b |||||||| |||| 00| 0 eng d
020 ## - INTERNATIONAL STANDARD BOOK NUMBER
International Standard Book Number 9789389898002
082 ## - DEWEY DECIMAL CLASSIFICATION NUMBER
Classification number 006.31 GUM
100 ## - MAIN ENTRY--PERSONAL NAME
Personal name GUHA,Rehan
245 ## - TITLE STATEMENT
Title Machine Learning Cookbook Python
250 ## - EDITION STATEMENT
Edition statement 1st Ed
260 ## - PUBLICATION, DISTRIBUTION, ETC. (IMPRINT)
Place of publication, distribution, etc New Delhi
Name of publisher, distributor, etc BPB
Date of publication, distribution, etc 2024
300 ## - PHYSICAL DESCRIPTION
Extent 247
650 ## - SUBJECT ADDED ENTRY--TOPICAL TERM
Topical term or geographic name as entry element Machine Learning Cookbook Python
942 ## - ADDED ENTRY ELEMENTS (KOHA)
Source of classification or shelving scheme Dewey Decimal Classification
Koha item type Text Books
Holdings
Withdrawn status Lost status Source of classification or shelving scheme Damaged status Not for loan Collection code Home library Current library Date acquired Source of acquisition Currency Cost, normal purchase price Bill Number Total Checkouts Full call number Acc. no. / Barcode Date last seen Actual Cost, discounted price Bill Date Koha item type Checked out Date last borrowed
    Dewey Decimal Classification     BCA PIET C-LIBRARY PIET C-LIBRARY 11/04/2025 Zaffa Books INR 799.00 ZBD0028   006.31 GUM BC2681 21/04/2025 583.27 11/04/2025 Reference Books    
    Dewey Decimal Classification     BCA PIET C-LIBRARY PIET C-LIBRARY 11/04/2025 Zaffa Books INR 799.00 ZBD0028   006.31 GUM BC2682 21/04/2025 583.27 11/04/2025 Text Books    
    Dewey Decimal Classification     BCA PIET C-LIBRARY PIET C-LIBRARY 11/04/2025 Zaffa Books INR 799.00 ZBD0028 1 006.31 GUM BC2683 22/11/2025 583.27 11/04/2025 Text Books 10/06/2026 22/11/2025
    Dewey Decimal Classification     BCA PIET C-LIBRARY PIET C-LIBRARY 11/04/2025 Zaffa Books INR 799.00 ZBD0028   006.31 GUM BC2684 21/04/2025 583.27 11/04/2025 Text Books    
    Dewey Decimal Classification     BCA PIET C-LIBRARY PIET C-LIBRARY 11/04/2025 Zaffa Books INR 799.00 ZBD0028 1 006.31 GUM BC2685 13/12/2025 583.27 11/04/2025 Text Books   08/11/2025

Design & Developed by: PIET Central Library
R70 Miles Stone Pattikalyana Samalkha Panipat 132102
mail ID :- [email protected], Phone No:- 0180-2569700 Ex.216